00740nam a2200217 a 450000100060000000300080000600500170001400800410003103500190007204000320009104100080012308200260013110000230015724501220018026000300030230000350033250400380036765000260040565000430043170000480047467094BD-RjUL20211209081620.0681119s1968 nyuak b 001 0 eng  a(BD-RjUL)67225 aDLCcDLCdDLCdBD-RjULbeng aeng00223a005.713bLED 19681 aLehman, Richard S.10aDigital computing :bFortran IV and its applications in behavioral science /cRichard S. Lehman and Daniel E. Bailey. aNew York :bWiley,cc1968 axxiv, 303 p. :bill. ;c26 cm. aIncludes bibliographies and index 0aComputer programming. 0aFORTRAN IV (Computer program language)1 aBailey, Daniel Edgar,d1930-ejoint author.